Voyages of discovery : (Record no. 6609)
[ view plain ]
| 000 -LEADER | |
|---|---|
| fixed length control field | 01001cam a2200301 a 4500 |
| 001 - CONTROL NUMBER | |
| control field | 19511789 |
| 003 - CONTROL NUMBER IDENTIFIER | |
| control field | OCoLC |
| 005 - DATE AND TIME OF LATEST TRANSACTION | |
| control field | 20190117165532.0 |
| 008 - FIXED-LENGTH DATA ELEMENTS--GENERAL INFORMATION | |
| fixed length control field | 890315s1989 vaua b 001 0 eng |
| 010 ## - LIBRARY OF CONGRESS CONTROL NUMBER | |
| LC control number | 89004450 //r942 |
| 020 ## - INTERNATIONAL STANDARD BOOK NUMBER | |
| International Standard Book Number | 0809464454 |
| 020 ## - INTERNATIONAL STANDARD BOOK NUMBER | |
| International Standard Book Number | 0809464462 (lib. bdg.) |
| 040 ## - CATALOGING SOURCE | |
| Original cataloging agency | DLC |
| Transcribing agency | DLC |
| 050 00 - LIBRARY OF CONGRESS CALL NUMBER | |
| Classification number | G400 |
| Item number | .V69 1989 |
| 082 ## - DEWEY DECIMAL CLASSIFICATION NUMBER | |
| Classification number | REF 940.2 |
| 245 00 - TITLE STATEMENT | |
| Title | Voyages of discovery : |
| Remainder of title | timeFrame AD 1400-1500 / |
| Statement of responsibility, etc. | by the editors of Time-Life Books |
| 260 ## - PUBLICATION, DISTRIBUTION, ETC. | |
| Place of publication, distribution, etc. | Alexandria, Va. : |
| Name of publisher, distributor, etc. | Time-Life Books, |
| Date of publication, distribution, etc. | c1989 |
| 300 ## - PHYSICAL DESCRIPTION | |
| Extent | 171 p. : |
| Other physical details | col. ill. ; |
| Dimensions | 29 cm |
| 490 1# - SERIES STATEMENT | |
| Series statement | Time frame |
| 500 ## - GENERAL NOTE | |
| General note | Includes index |
| 504 ## - BIBLIOGRAPHY, ETC. NOTE | |
| Bibliography, etc. note | Bibliography: p. 171 |
| 505 0# - FORMATTED CONTENTS NOTE | |
| Formatted contents note | The ocean adventurers--The Italian Renaissance--The fall of Constantinople--Bohemia's holy wars--The last great Hindu empire--Lost empires of the Americas |
| 650 #0 - SUBJECT ADDED ENTRY--TOPICAL TERM | |
| Topical term or geographic name entry element | Discoveries in geography. |
| 650 #0 - SUBJECT ADDED ENTRY--TOPICAL TERM | |
| Topical term or geographic name entry element | Geography |
| Form subdivision | Early works to 1800. |
| 710 2# - ADDED ENTRY--CORPORATE NAME | |
| Corporate name or jurisdiction name as entry element | Time-Life Books. |
| 830 #0 - SERIES ADDED ENTRY--UNIFORM TITLE | |
| Uniform title | Time frame. |
| 942 ## - ADDED ENTRY ELEMENTS (KOHA) | |
| Source of classification or shelving scheme | Dewey Decimal Classification |
| Koha item type | Reference |
| Withdrawn status | Lost status | Source of classification or shelving scheme | Damaged status | Not for loan | Collection code | Home library | Current library | Shelving location | Date acquired | Cost, normal purchase price | Total Checkouts | Full call number | Barcode | Date last seen | Price effective from | Koha item type |
|---|---|---|---|---|---|---|---|---|---|---|---|---|---|---|---|---|
| Dewey Decimal Classification | Not For Loan | Reference | Harvest Mission College | Harvest Mission College | Reference | 17.01.2019 | 4680.00 | REF 940.2 | 007388 | 17.01.2019 | 17.01.2019 | Reference |
